Cuatro temas importantes sobre el niño

Сохранить в:
Библиографические подробности
Соавтор: Secretaría del Año Internacional del Niño (Автор)
Формат:
Язык:испанский
Опубликовано: Asociación Internacional de Campos de Recreo 1981
Серии:Programa Regional de Estimulación Temprana de UNICEF
Предметы:
Метки: Добавить метку
Нет меток, Требуется 1-ая метка записи!

MARC

LEADER 00000nam a2200000 a 4500
001 UCY7713
003 CL-VaPUC
008 950616e19810500MX |||||||||||||||||spa|d
082 0 4 |a 362.7  |b SEC  |2 21 
110 2 |a Secretaría del Año Internacional del Niño  |e author  |9 338421 
245 1 0 |a Cuatro temas importantes sobre el niño 
300 |a 119 p 
942 |c BK 
945 |d 19950616 00:00:00  |a cmena 
260 |b Asociación Internacional de Campos de Recreo  |c 1981 
650 0 |a Niños  |9 255605 
650 7 |a JUEGO  |2 CL-VaPUC  |9 311404 
650 0 |a Derechos del niño  |9 258728 
650 0 |a Bienestar social   |9 255298 
650 7 |a EDUCACION NUTRICIONAL  |2 CL-VaPUC  |9 338422 
650 0 |a Educación preescolar  |9 260381 
650 7 |a EDUCACION DE LOS PADRES  |2 CL-VaPUC  |9 338423 
583 |a last modification  |c 20130411 08:41:27  |k Rodrigo Vera 
490 0 |a Programa Regional de Estimulación Temprana de UNICEF 
999 |c 235035  |d 235033